| 000 | 06171nam a22005057a 4500 | ||
|---|---|---|---|
| 001 | BRCA_8564 | ||
| 002 | W-30 | ||
| 003 | FranzMayer | ||
| 005 | 20260331172638.0 | ||
| 008 | 260331s1648 gw b|||gr|||| 00| | ger d | ||
| 040 |
_aBMFM _bspa |
||
| 041 | 0 | _ager | |
| 050 | 0 |
_aG1000 _b.A85 1648 |
|
| 100 | 1 |
_aJanssonius, Johannes _d(1588-1664) _eeditor e impresor _930057 |
|
| 245 | 1 | 0 |
_aAtlas Minor, Das ist: Eine kurtze jedoch gründliche Beschreibung der gantzen Welt. In zwey Theile abgetheilt. Das Erste begreifft Groß-Britannien, die Mitternächtige Länder, Teutschland und Niederland (Vol. I). // Das Ander Theil. Das Ander begreifft Frankreich, Hispanien, Italien, Bergstrass und Asia, Africa und America (Vol. II) / _cJohannes Janssonius |
| 260 |
_aÁmsterdam, Países Bajos: _bJohannes Janssonius ; _c1648 |
||
| 300 |
_aVolumen I: [10], 460, [3] páginas/Volumen II: 428, [2] páginas : _bmapas calcográficos ; _c19 x 23.5 x 8.3 cm |
||
| 520 | 3 |
_aEdición revisada y ampliada del atlas homónimo que Gerard Mercator y Jodocus Hondius publicaron en 1595. Siendo éste último quien, tras adquirir las planchas originales en 1604, trabajó junto a su yerno Johannes Janssonius en la incorporación de nuevas planchas para crear esta edición actualizada.Dividido en dos volúmenes, este Atlas Minor incorpora un total de 215 mapas calcográficos que abarcan diversas regiones de Europa, África, Asia y América, según los conocimientos y descubrimientos geográficos del siglo XVII. _bLos mapas, grabados por los artistas Pieter van den Keere y Abraham Goos, destacan por su detalle y precisión. Además de varios mapas de Mercator -considerados entre las representaciones terrestres más importantes de su tiempo- la obra incorpora representaciones de regiones como el Imperio Turco, China, India y Japón. Fue concebida como una alternativa más accesible y manejable que los grandes atlas en formato folio, teniendo una amplia difusión como herramienta educativa y fuente de consulta entre los comerciantes, exploradores y académicos de la época. |
|
| 563 | _aOtras referencias físicas: Encuadernación entera en piel alumada. El papel del cuerpo del libro está formado por pulpa de trapo, hecho a mano, con marcas de verjurado y marcas de agua. El cuerpo del libro está formado por cuadernillos unidos mediante costura alternada sobre tres soportes elevados y sencillos de piel alumada; las prolongaciones de los soportes se usaron para unir el cuerpo a la cartera. Lomera redonda. Endose de material de reúso, aparentemente papel, manuscrito en el panel de cabeza; no fue posible determinar el tipo de endose ni la presencia en el resto de los paneles. Cabezadas tejidas con hilo rojo y blanco con almas de piel alumada y prolongaciones enlazadas a la cartera. Cantos refinados, pulidos y coloreados en azul. Soportes de las tapas de madera. Cartera decorada; la piel tiene decoración con textura; las tapas tienen gofrado y biseles en los tres cantos. Tiene dos broches de metal; de la tapa posterior salen las correas del broche con la parte metálica que se atoran en los broches de la tapa anterior. Texto impreso. Anotación en tinta ferrogálica en la contraguarda anterior | ||
| 591 | _aEstado de Conservación: Bueno | ||
| 591 | _bDescripción de conservación: Reparaciones antiguas; la portada tiene un injerto y un refuerzo; las hojas de guarda anteriores tienen un refuerzo. Suciedad, dobleces y roturas mínimas en las hojas; puntas anteriores desnudas; rotura en la cañuela anterior de la cofia de cabeza | ||
| 592 | _aMarcas Adicionales: Resto del título e información en la portada del Volumen I: << Mit vielen schönen neuen Kupferstücken und Land-Beschreibungen vermehret und verbessert>> Traducción: " Enriquecido y mejorado con muchos hermosos grabados nuevos y descripciones geográficas". sto del título e información en la portada del Volumen II: <<Mit vielen schönen Kupferstücken und Land-Beschreibungen außgezieret und verbessert>> Traducción: "Enriquecido y mejorado con muchos hermosos grabados y descripciones geográficas". Encuadernación con dos volúmenes: Volúmen I de la pág.1 a la pág.460; Volúmen II de la pág.1 a la pág.428. Grabado en guardas con las siglas [IHS] que corresponden de la compañía de Jesús. Notas manuscritas en las guardas. Exlibris de Franz Mayer en las guardas. Gofrado o marca de agua o grabado de la encuadernación después en guarda volante. De la página [1] a la [10] el texto esta en prosa en una sola columna, posiblemente correspondiente a una dedicatoria al lector, así como dos textos adicionales sobre las tablas y la estructura cartográfica de los mapas. Mapa del mundo <<Typus orbis terrarum>> en página 3. Mapa del: <<polvs arcticvs>> en página 5. Texto a doble columna con apostillas marginales y reclamos | ||
| 593 | _aColección adicional: Atlas geográficos | ||
| 650 | 1 | 0 |
_aAtlases _yEarly works to 1800 _930160 |
| 650 | 1 | 0 |
_aCartography _xHistory _930161 |
| 650 | 1 | 0 |
_aMaps _y16th century _930162 |
| 650 | 1 | 0 |
_aWorld maps _yEarly works to 1800 _930163 |
| 650 | 1 | 0 |
_aNavigation _xMaps _zEarly works to 1800 _930164 |
| 651 | 1 |
_aGreat Britain _xMaps _yEarly works to 1800 _930165 |
|
| 651 | 1 |
_aGermany _xMaps _yEarly works to 1800 _930166 |
|
| 651 | 1 |
_aNetherlands _xMaps _yEarly works to 1800 _930167 |
|
| 651 | 1 |
_aEurope _xMaps _yEarly works to 1800 _930168 |
|
| 651 | 1 |
_aAsia _xMaps _yEarly works to 1800 _930169 |
|
| 651 | 1 |
_aAmerica _xMaps _yEarly works to 1800 _930170 |
|
| 651 | 1 |
_aAfrica _xMaps _yEarly works to 1800 _930171 |
|
| 700 | 1 |
_aMercator, Gerard _d(1512–1594) _eautor original y cartógrafo _930172 |
|
| 700 | 1 |
_aGoos, Abraham _d(ca. 1590-1643) _egrabador y cartógrafo _930173 |
|
| 700 | 1 |
_aKeere, Pieter van den _d(ca. 1571- ca. 1646) _egrabador _930174 |
|
| 700 | 1 |
_aHondius, Jodocus _d(1563-1612) _eeditor y cartógrafo _930175 |
|
| 700 | 1 |
_aJanssonius, Johannes _d(1588-1664) _eeditor e impresor _930057 |
|
| 856 | 4 | 1 |
_qTIF//PDF _uhttps://bibliotecadigital.franzmayer.org.mx/items/1ed56c55-5b08-486b-a361-e68465e0ef5b _yBiblioteca Museo Franz Mayer |
| 902 |
_aKH _aFM _aTV |
||
| 942 |
_2lcc _cB |
||
| 960 | _aCS-L2-N1 | ||
| 999 |
_c11110 _d11110 |
||